Countries that Import the Most Tequila - Statistics

General Stats
  • This quiz has been taken 61 times
  • The average score is 8 of 10
Answer Stats
Amount Countries % Correct
124.84 United States
100%
3.73 France
96%
4.32 Spain
96%
1.84 United Kingdom
95%
3.38 Canada
91%
1.30 Brazil
86%
6.46 Germany
84%
2.04 Russia
75%
1.29 Japan
71%
1.54 Panama
16%
No matching quizzes found
Score Distribution
Percent of People with Each Score
Percentile by Number Answered
Your Score History
You have not taken this quiz